Southville International School and Colleges
Your cart is empty.
  • Cart
  • Lists
    Public lists Eva Luna New books Lux_list list_1
    Your lists Log in to create your own lists
  • Log in to your account
  • Your cookies
  • Search history
Southville International School and Colleges
  • Advanced search
  • Recent comments
  • Most popular
  • Libraries

Log in to your account

Log in with GOOGLE


If you do not have an external account, but do have a local account, you can still log in:

  1. Home
  2. MARC view: Marketing research /
Normal view MARC view ISBD view

Marketing research / (Record no. 276046)

[ view plain ]
MARC details
000 -LEADER
fixed length control field 00566nam a22001817a 4500
005 - DATE AND TIME OF LATEST TRANSACTION
control field 20141008153626.0
008 - FIXED-LENGTH DATA ELEMENTS--GENERAL INFORMATION
fixed length control field 141008b xxu||||| |||| 00| 0 eng d
020 ## - INTERNATIONAL STANDARD BOOK NUMBER
International Standard Book Number 9780273768517
050 ## - LIBRARY OF CONGRESS CALL NUMBER
Classification number HF 5415.2
Item number .B937 2014
100 ## - MAIN ENTRY--PERSONAL NAME
Personal name Burns, Alvin C.
245 ## - TITLE STATEMENT
Title Marketing research /
Statement of responsibility, etc Alvin C. Burns, Ronald F. Bush.
250 ## - EDITION STATEMENT
Edition statement 6th ed.
260 ## - PUBLICATION, DISTRIBUTION, ETC. (IMPRINT)
Place of publication, distribution, etc Upper Saddle River, N.J. :
Name of publisher, distributor, etc Prentice Hall,
Date of publication, distribution, etc c2014.
300 ## - PHYSICAL DESCRIPTION
Extent 487 pages :
Other physical details colored illustrations ;
Dimensions 26 cm.
521 ## - TARGET AUDIENCE NOTE
Target audience note Business Administration
650 ## - SUBJECT ADDED ENTRY--TOPICAL TERM
Topical term or geographic name as entry element Marketing research.
942 ## - ADDED ENTRY ELEMENTS (KOHA)
Source of classification or shelving scheme Library of Congress Classification
Koha item type Books
Call number prefix Foreign
Holdings
Withdrawn status Lost status Source of classification or shelving scheme Damaged status Home library Current library Shelving location Date acquired Source of acquisition Total Checkouts Total Renewals Full call number Barcode Date last seen Date checked out Price effective from Koha item type
    Library of Congress Classification   College Library College Library Reserve Section 10/08/2014 Library Fund 1 4 HF 5415.2 .B937 2014 C18802 05/15/2018 01/10/2015 10/08/2014 Books

Marketing research /

APA

Burns A. C., . (2014). Marketing research. Upper Saddle River, N.J: Prentice Hall.

Chicago

Burns Alvin C, . 2014. Marketing research. Upper Saddle River, N.J: Prentice Hall.

Harvard

Burns A. C., . (2014). Marketing research. Upper Saddle River, N.J: Prentice Hall.

MLA

Burns Alvin C, . Marketing research. Upper Saddle River, N.J: Prentice Hall. 2014.

  • Place hold
  • Print
  • Cite
  • Add to your cart (remove)
  • Save record
    BIBTEX Dublin Core MARCXML MARC (non-Unicode/MARC-8) MARC (Unicode/UTF-8) MARC (Unicode/UTF-8, Standard) MODS (XML) RIS
  • More searches
    Search for this title in:
    Other Libraries (WorldCat) Other Databases (Google Scholar) Online Stores (Bookfinder.com) Open Library (openlibrary.org)

Exporting to Dublin Core...

SOUTHVILLE LIBRARY

Southville International School and Colleges Library

1281 Tropical Ave. Cor. Luxembourg St., BF Homes International, Las Pinas City

Tel. No. 8256374 / 252358 Loc. 117/146

Powered by Koha